Introduction to rural planning. / (Record no. 892)

MARC details
000 -LEADER
fixed length control field 01897cam a2200421 a 4500
001 - CONTROL NUMBER
control field 14927110
005 - DATE AND TIME OF LATEST TRANSACTION
control field 20210414113939.0
008 - FIXED-LENGTH DATA ELEMENTS--GENERAL INFORMATION
fixed length control field 070713s2008 enkab b 001 0 eng
010 ## - LIBRARY OF CONGRESS CONTROL NUMBER
LC control number 2007029185
020 ## - INTERNATIONAL STANDARD BOOK NUMBER
International Standard Book Number 9780415429962 (hardback : alk. paper)
020 ## - INTERNATIONAL STANDARD BOOK NUMBER
International Standard Book Number 041542996X (hardback : alk. paper)
020 ## - INTERNATIONAL STANDARD BOOK NUMBER
International Standard Book Number 9780415429979 (pbk. : alk. paper)
020 ## - INTERNATIONAL STANDARD BOOK NUMBER
International Standard Book Number 0415429978 (pbk. : alk. paper)
020 ## - INTERNATIONAL STANDARD BOOK NUMBER
International Standard Book Number 9780203933435 (ebook)
020 ## - INTERNATIONAL STANDARD BOOK NUMBER
International Standard Book Number 0203933435 (ebook)
035 ## - SYSTEM CONTROL NUMBER
System control number (OCoLC)ocn156845865
035 ## - SYSTEM CONTROL NUMBER
System control number (OCoLC)156845865
040 ## - CATALOGING SOURCE
Original cataloging agency DLC
Transcribing agency DLC
Modifying agency BAKER
-- BTCTA
-- YDXCP
-- BWKUK
-- BWK
-- DLC
043 ## - GEOGRAPHIC AREA CODE
Geographic area code e-uk---
050 00 - LIBRARY OF CONGRESS CALL NUMBER
Classification number HN400.C6I68
082 00 - DEWEY DECIMAL CLASSIFICATION NUMBER
Classification number 307.1/2120941
Edition number 22
100 ## - MAIN ENTRY--PERSONAL NAME
Personal name Gallent, Nick.
245 00 - TITLE STATEMENT
Title Introduction to rural planning. /
Statement of responsibility, etc. Nick Gallent ... [et al.].
260 ## - PUBLICATION, DISTRIBUTION, ETC.
Place of publication, distribution, etc. London ;
-- New York :
Name of publisher, distributor, etc. Routledge,
Date of publication, distribution, etc. 2008.
300 ## - PHYSICAL DESCRIPTION
Extent xix, 364 p. :
Other physical details ill., maps ;
Dimensions 24 cm.
440 #4 - SERIES STATEMENT/ADDED ENTRY--TITLE
Title The natural and built environment series
504 ## - BIBLIOGRAPHY, ETC. NOTE
Bibliography, etc. note Includes bibliographical references (p. [334]-354) and index.
505 ## - FORMATTED CONTENTS NOTE
Formatted contents note Contents: Introduction -- Rural governance and spatial planning -- Economic change -- The Farming economy -- New economies -- Community change -- Rural housing: demand, supply, affordabiltiy and the market -- Living in the countryside -- A Changing environment -- A differentiated environment -- Repositioning rural areas -- Conclusions: integrating agendas, coordinating responses.
650 #0 - SUBJECT ADDED ENTRY--TOPICAL TERM
Topical term or geographic name entry element Rural development
Geographic subdivision Great Britain.
651 #0 - SUBJECT ADDED ENTRY--GEOGRAPHIC NAME
Geographic name Great Britain
General subdivision Rural conditions.
700 1# - ADDED ENTRY--PERSONAL NAME
Personal name Juntti, Meri
700 1# - ADDED ENTRY--PERSONAL NAME
Personal name Kidd, Sue
700 1# - ADDED ENTRY--PERSONAL NAME
Personal name Shaw,Dave
856 41 - ELECTRONIC LOCATION AND ACCESS
Materials specified Table of contents only
Uniform Resource Identifier <a href="http://www.loc.gov/catdir/toc/ecip0723/2007029185.html">http://www.loc.gov/catdir/toc/ecip0723/2007029185.html</a>
906 ## - LOCAL DATA ELEMENT F, LDF (RLIN)
a 7
b cbc
c orignew
d 1
e ecip
f 20
g y-gencatlg
942 ## - ADDED ENTRY ELEMENTS (KOHA)
Source of classification or shelving scheme Library of Congress Classification
Koha item type Books
Holdings
Withdrawn status Lost status Source of classification or shelving scheme Damaged status Not for loan Home library Current library Shelving location Date acquired Total Checkouts Full call number Barcode Date last seen Copy number Price effective from Koha item type
    Library of Congress Classification     WISCONSIN INTERNATIONAL UNIVERSITY COLLEGE, GHANA - MAIN LIBRARY WISCONSIN INTERNATIONAL UNIVERSITY COLLEGE, GHANA - MAIN LIBRARY Reference 16/05/2012   HN400.C6I68 1868/12 16/05/2012 1 16/05/2012 Books

If you have any concerns or questions; kindly contact the library


© Powered by WIUC ICT DIRECTORATE